MARC
LEADER
00000nam0a2200000 4500
001
99888
005
20231101214300.0
035
|a (RuTPU)RU\TPU\book\107408
090
|a 99888
100
|a 20060720d1966 k y0rusy50 ca
101
0
|a rus
102
|a RU
105
|a y a 001zy
200
1
|a Дислокации в кристаллах
|e библиографический указатель
|h Вып. 2 : 1959 - 1964
|f АН СССР, Сектор сети специальных библиотек; Ин-т кристаллографии; Ин-т физики твердого тела; сост. С. Г. Збар, Н. В. Слесарева, Н. С. Вольфсон; отв. ред. В. Л. Инденбом, В. И. Никитенко
210
|a Москва
|c Изд-во Академии наук СССР
|d 1966
215
|a 366 с.
320
|a Указ.: с. 312 - 353.
606
1
|a Кристаллы
|x Дислокации
|2 stltpush
|3 (RuTPU)RU\TPU\subj\80318
|9 88043
610
1
|a кристаллография
610
1
|a рост
610
1
|a эпитаксия
610
1
|a разрушение
610
1
|a фазовые превращения
610
1
|a пластичность
610
1
|a внутреннее трение
610
1
|a физические свойства
610
1
|a библиографические указатели
675
|a 548.4(01)
|v 3
686
|a Я19
|v LBC/SL-A
|2 rubbk
702
1
|a Збар
|b С. Г.
|4 220
702
1
|a Слесарева
|b Н. В.
|4 220
702
1
|a Вольфсон
|b Н. С.
|4 220
702
1
|a Инденбом
|b В. Л.
|4 340
702
1
|a Никитенко
|b В. И.
|4 340
712
0
2
|a Академия наук СССР
|b Сектор сети специальных библиотек
|c (Ленинград/Москва)
|c (1925-1991)
|2 stltpush
|3 (RuTPU)RU\TPU\col\722
712
0
2
|a Академия наук СССР
|b Институт кристаллографии им. А. В. Шубникова
|c (Москва)
|2 stltpush
|3 (RuTPU)RU\TPU\col\11554
|9 25176
712
0
2
|a Академия наук СССР
|b Институт физики твердого тела
|c (Черноголовка)
|2 stltpush
|3 (RuTPU)RU\TPU\col\14423
|9 25934
801
1
|a RU
|b 63413507
|c 20060720
|g PSBO
801
2
|a RU
|b 63413507
|c 20200818
|g PSBO
942
|c BK